|
|
|
|
| LEADER |
00000nam a22000007a 4500 |
| 005 |
20191022234546.0 |
| 007 |
cr|||| |||| |
| 008 |
191022c20189999tr qr|w s|||| 0|||b1eng d |
| 022 |
|
|
|a 1304-7310
|
| 035 |
|
|
|a 22354
|
| 040 |
|
|
|a vLex
|
| 090 |
|
|
|c 9942
|d 9942
|
| 245 |
0 |
0 |
|a Uluslararasi Iliskiler / International Relations
|h [Recurso electrn̤ico] /
|
| 256 |
|
|
|a Servicio en ln̕ea
|
| 260 |
|
|
|a Ankara:
|b International Relations Council of Turkey,
|c 2018 -
|
| 300 |
|
|
|a 1 recurso electrn̤ico
|
| 310 |
|
|
|a Trimestral
|
| 506 |
1 |
|
|a Disponible solo en los productos indicados
|d vLex Global
|d vLex Global (Academic Edition, excluding Law Schools)
|d vLex Global (U.S. Academic Edition, Law Schools)
|d vLex Global (U.S. Academic Edition, excluding Law Schools)
|d vLex Global (Academic Edition, Law Schools)
|
| 650 |
0 |
4 |
|a Relaciones internacionales
|z Turqua̕
|
| 740 |
0 |
|
|a vLex Revistas (Servicio en ln̕ea)
|
| 856 |
4 |
0 |
|u http://vlex.com/source/uluslararasi-iliskiler-international-relations-22354
|z Acceso restringido
|
| 942 |
|
|
|c REV
|
| 999 |
0 |
|
|a International relations
|